[Event "Pan American IBCA-ch 7th"]
[Site "San Luis"]
[Date "2018.11.06"]
[Round "6.4"]
[White "Karlsen, Christian"]
[Black "Ricieri, Vinicius De Andrade"]
[Result "0-1"]
[WhiteElo "1652"]
[BlackElo "1754"]
[PlyCount "84"]
[EventDate "2018.11.04"]
[EventType "swiss"]
[EventRounds "7"]
[EventCountry "ARG"]
[SourceTitle "EXT 2024"]
[Source "ChessBase"]
[SourceDate "2023.10.10"]
[SourceVersion "1"]
[SourceVersionDate "2023.10.10"]
[SourceQuality "1"]

1. c4 Nf6 2. Nc3 g6 3. g3 Bg7 4. Bg2 0-0 5. e4 d6 6. d3 e5 7. Nf3 Nc6 8. Bg5 h6 9. Be3 Ng4 10. 0-0 f5 11. Nh4 f4 12. h3 fxg3 13. fxg3 Nxe3 14. Rxf8+ Qxf8 15. Qe2 Nxg2 16. Rf1 Nf4 17. gxf4 Bxh3 18. Rf2 Qf6 19. Nf3 exf4 20. Nd5 Qf7 21. Kh1 Bg4 22. Qd2 Bxf3+ 23. Rxf3 g5 24. Qg2 Qh5+ 25. Kg1 Ne5 26. Rxf4 Kh8 27. Rf5 Ng4 28. Kf1 Qh4 29. Ke2 c6 30. Ne7 Qh2 31. Qxh2 Nxh2 32. b4 Ng4 33. Kf3 Ne5+ 34. Ke3 Bf8 35. d4 Nxc4+ 36. Kd3 Bxe7 37. Kxc4 b5+ 38. Kd3 Rf8 39. Ke3 Rxf5 40. exf5 d5 41. a3 Kg7 42. Kf3 h5 0-1

[Event "ARG-ch sf U2300 6th"]
[Site "Capilla del Monte"]
[Date "2017.05.06"]
[Round "2.7"]
[White "Karlsen, Christian"]
[Black "Palmieri, Daniel"]
[Result "0-1"]
[WhiteElo "1672"]
[BlackElo "1764"]
[PlyCount "100"]
[EventDate "2017.05.06"]
[EventType "swiss"]
[EventRounds "6"]
[EventCountry "ARG"]
[SourceTitle "EXT 2024"]
[Source "ChessBase"]
[SourceDate "2023.10.10"]
[SourceVersion "1"]
[SourceVersionDate "2023.10.10"]
[SourceQuality "1"]

1. d4 d5 2. Nf3 Nf6 3. Bf4 c6 4. h3 Bf5 5. e3 e6 6. Nbd2 Bd6 7. Ne5 0-0 8. Be2 Qc7 9. g4 Bg6 10. Ndf3 Ne4 11. h4 f6 12. Nxg6 hxg6 13. Bxd6 Qxd6 14. Bd3 Qb4+ 15. Nd2 Nxd2 16. Qxd2 Qxd2+ 17. Kxd2 f5 18. gxf5 gxf5 19. Rag1 Nd7 20. h5 Kh7 21. Rg6 Rf6 22. Rg4 Raf8 23. f3 Kh6 24. Rgh4 R8f7 25. f4 c5 26. b3 cxd4 27. exd4 a6 28. Re1 Nb6 29. a4 Rc7 30. Rh3 Rc6 31. a5 Nc8 32. b4 Nd6 33. Rg1 Ne4+ 34. Bxe4 fxe4 35. Rf1 Rf5 36. c3 Rc7 37. Rg1 Rxh5 38. Rxh5+ Kxh5 39. Rg5+ Kh6 40. Re5 Kg6 41. Rxe6+ Kf5 42. Re5+ Kxf4 43. Rxd5 g5 44. b5 Rh7 45. c4 g4 46. bxa6 bxa6 47. c5 g3 48. Rd6 Rh2+ 49. Kc3 g2 50. Rg6 Rh3+ 0-1